|
|
|
|
| LEADER |
02336nam a2200637 i 4500 |
| 001 |
nkc20183003878 |
| 003 |
CZ PrNK |
| 005 |
20181107104001.0 |
| 007 |
ta |
| 008 |
180626s2018 xr a g 6 000 1 cze |
| 015 |
|
|
|a cnb003003878
|
| 020 |
|
|
|a 978-80-270-4355-2
|q (brožováno)
|
| 035 |
|
|
|a (OCoLC)1078647706
|
| 040 |
|
|
|a BOA001
|b cze
|e rda
|
| 041 |
1 |
|
|a cze
|a yid
|h yid
|
| 043 |
|
|
|a n-us---
|
| 045 |
|
|
|a x1x1
|
| 072 |
|
7 |
|a 821-1/-8
|x Literatura různých forem a žánrů
|2 Konspekt
|9 25
|
| 080 |
|
|
|a 821-312.5
|2 MRF
|
| 080 |
|
|
|a 39(=411.16)
|2 MRF
|
| 080 |
|
|
|a 82-7
|2 MRF
|
| 080 |
|
|
|a (=411.16)
|2 MRF
|
| 080 |
|
|
|a (73)
|2 MRF
|
| 080 |
|
|
|a (0.027)=030
|2 MRF
|
| 080 |
|
|
|a (084.1)
|2 MRF
|
| 100 |
1 |
|
|a Zagat, Šmuel,
|d 1890-1964
|7 xx0227927
|4 aut
|4 ill
|
| 245 |
1 |
0 |
|a Gimpl Bejmiš, dohazovač =
|b Gimpel Beynish der shadkhen /
|c Samuel Zagat ; ze série ... (Gimpel Beynish der šadchen) vycházející v letech 1912-1913 v jidiš novinách Die Wahrheit přeložil Petr Jan Vinš
|
| 246 |
3 |
0 |
|a Gimpel Beynish der šadchen
|
| 246 |
3 |
1 |
|a Gimpel Beynish der shadkhen
|
| 250 |
|
|
|a 1. vydání
|
| 264 |
|
1 |
|a V Praze :
|b Lauderovy školy :
|b Jew's News,
|c 2018
|
| 300 |
|
|
|a 116 nečíslovaných stran :
|b ilustrace (převážně barevné) ;
|c 21 cm
|
| 336 |
|
|
|a text
|b txt
|2 rdacontent
|
| 336 |
|
|
|a statický obraz
|b sti
|2 rdacontent
|
| 337 |
|
|
|a bez média
|b n
|2 rdamedia
|
| 338 |
|
|
|a svazek
|b nc
|2 rdacarrier
|
| 500 |
|
|
|a Název z obálky
|
| 500 |
|
|
|a Tištěno zprava doleva
|
| 500 |
|
|
|a Terminologický slovník
|
| 546 |
|
|
|a Souběžný text v jidiš
|
| 648 |
|
4 |
|a 1912-1913
|
| 648 |
|
7 |
|a 20. století
|7 ch460558
|2 czenas
|
| 650 |
0 |
7 |
|a židovské zvyky
|7 ph122616
|x humor
|2 czenas
|
| 650 |
0 |
7 |
|a Židé
|7 ph127782
|z Spojené státy americké
|y 20. století
|2 czenas
|
| 650 |
0 |
9 |
|a Jewish manners and customs
|x humor
|2 eczenas
|
| 650 |
0 |
9 |
|a Jews
|z United States
|y 20th century
|2 eczenas
|
| 655 |
|
7 |
|a dvojjazyčná vydání
|7 fd194533
|2 czenas
|
| 655 |
|
7 |
|a komiksy
|7 fd131978
|2 czenas
|
| 655 |
|
9 |
|a bilingual editions
|2 eczenas
|
| 655 |
|
9 |
|a comics
|2 eczenas
|
| 700 |
1 |
|
|a Vinš, Petr Jan,
|d 1982-
|7 xx0093974
|4 trl
|
| 910 |
2 |
|
|a BOA001
|b 2-1415.223
|
| 990 |
|
|
|a BK
|
| 995 |
|
|
|a 01
|
| 991 |
|
|
|b 201810
|c NOV
|
| 996 |
6 |
|
|b 2610756444
|c 2-1415.223
|l MZK
|r Sklad / do 1 hodiny
|n 0
|p p.v.
|w 001689979
|u 000010
|a 1
|e BOA001
|j MZK50
|s P
|